000 00863cam a2200241ua 4500
001 23564
008 190710n2016 II |||gr||||Z||||||eng
041 _aeng
082 _a515.243 3
100 1 _aSPIEGEL, MURRAY R.
245 _aFOURIER ANALYSIS WITH APPLICATIONS TO BOUNDARY VALUE PROBLEMS
_hTextual Documents
250 _a13TH.
260 _aNEW DELHI
_bMCGREW HILL
_c2016
300 _a191.:
_c20CM.
500 _aRUSA
653 _aFourier Analysis
700 1 _aSPIEGEL, MURRAY R.,1
_eAUTHOR.
999 _c26812
_d26812